Siegfried WENZEL, Elucidations. Medieval Pœtry and Its Religious Backgrounds, Louvain–Paris–Walpole, Peeters, 2010 ; 1 vol. in-8o, XVIII–374 p. (Synthema, 6). ISBN : 978-90-429-2195-5. Prix : € 59,00. (notice n° 1603613)
[ vue normale ]
| 000 -LEADER | |
|---|---|
| fixed length control field | 00631cam a2200145 4500500 |
| 005 - DATE AND TIME OF LATEST TRANSACTION | |
| control field | 20251228092827.0 |
| 041 ## - LANGUAGE CODE | |
| Language code of text/sound track or separate title | fre |
| 042 ## - AUTHENTICATION CODE | |
| Authentication code | dc |
| 100 10 - MAIN ENTRY--PERSONAL NAME | |
| Personal name | Carruthers, Leo |
| Relator term | author |
| 245 00 - TITLE STATEMENT | |
| Title | Siegfried WENZEL, Elucidations. Medieval Pœtry and Its Religious Backgrounds, Louvain–Paris–Walpole, Peeters, 2010 ; 1 vol. in-8o, XVIII–374 p. (Synthema, 6). ISBN : 978-90-429-2195-5. Prix : € 59,00. |
| 260 ## - PUBLICATION, DISTRIBUTION, ETC. | |
| Date of publication, distribution, etc. | 2011.<br/> |
| 500 ## - GENERAL NOTE | |
| General note | 8 |
| 786 0# - DATA SOURCE ENTRY | |
| Note | Le Moyen Age | CXVII | 1 | 2011-12-10 | p. 117l-132l | 0027-2841 |
| 856 41 - ELECTRONIC LOCATION AND ACCESS | |
| Uniform Resource Identifier | <a href="https://shs.cairn.info/revue-le-moyen-age-2011-1-page-117l?lang=fr&redirect-ssocas=7080">https://shs.cairn.info/revue-le-moyen-age-2011-1-page-117l?lang=fr&redirect-ssocas=7080</a> |
Pas d'exemplaire disponible.




Réseaux sociaux